| 000 | 00365nam a22001457a 4500 | ||
|---|---|---|---|
| 003 | MACL | ||
| 005 | 20200121162506.0 | ||
| 008 | 200121b xxu||||| |||| 00| 0 eng d | ||
| 040 | _cMACL | ||
| 100 |
_aSingh, R N P _977912 |
||
| 245 | _aSardar Patel ; Unifier of Modern India | ||
| 260 |
_aDelhi _bVitasta _c2019 |
||
| 650 |
_aBiography _977913 |
||
| 942 |
_2ddc _cBK |
||
| 999 |
_c61863 _d61863 |
||